Lanean...
New economic deal /
| Egile nagusia: | |
|---|---|
| Formatua: | Printed Book |
| Hizkuntza: | English |
| Argitaratua: |
Calcutta :
Oxford & IBH,
1968
|
| LEADER | 00506nam a22001577a 4500 | ||
|---|---|---|---|
| 003 | OSt | ||
| 005 | 20200624134505.0 | ||
| 008 | 150805b xxu||||| |||| 00| 0 eng d | ||
| 082 | |a 330 MOH/N | ||
| 100 | |a Mohnot, S. R. | ||
| 245 | |a New economic deal / |c S. R. Mohnot | ||
| 260 | |a Calcutta : |b Oxford & IBH, |c 1968 | ||
| 300 | |a 149p. | ||
| 942 | |2 ddc |c BK | ||
| 999 | |c 321583 |d 321583 | ||
| 952 | |0 0 |1 0 |2 ddc |4 0 |6 330_000000000000000_MOH_N |7 0 |9 368016 |a CSC |b CSC |c ST1 |d 2015-08-05 |i 1007 |l 0 |o 330 MOH/N |p CSC1007 |r 2015-08-05 |w 2015-08-05 |y BK | ||